Tafsir pimpinan Ar. Rahman kepada pengertian Al-Quran (30 juz) / (Record no. 4636)

000 -LEADER
fixed length control field aam a22 a 4500
003 - CONTROL NUMBER IDENTIFIER
control field AKMAL
005 - DATE AND TIME OF LATEST TRANSACTION
control field 20170710120112.0
008 - FIXED-LENGTH DATA ELEMENTS--GENERAL INFORMATION
fixed length control field 170610s1995 my f00 may d
020 ## - INTERNATIONAL STANDARD BOOK NUMBER
International Standard Book Number 9830420132 (pbk.) :
040 ## - CATALOGING SOURCE
Original cataloging agency AKMAL
082 04 - DEWEY DECIMAL CLASSIFICATION NUMBER
Classification number 297.12259923 TAF
090 00 - LOCALLY ASSIGNED LC-TYPE CALL NUMBER (OCLC); LOCAL CALL NUMBER (RLIN)
Classification number (OCLC) (R) ; Classification number, CALL (RLIN) (NR) 297.12259923
Local cutter number (OCLC) ; Book number/undivided call number, CALL (RLIN) TAF
245 00 - TITLE STATEMENT
Title Tafsir pimpinan Ar. Rahman kepada pengertian Al-Quran (30 juz) /
Statement of responsibility, etc. diterjemah serta diberi penjelasan oleh Sheikh Abdullah Basmeih
260 ## - PUBLICATION, DISTRIBUTION, ETC.
Place of publication, distribution, etc. Kuala Lumpur :
Name of publisher, distributor, etc. Bahagian Hal Ehwal Islam, Jabatan Perdana Menteri,
Date of publication, distribution, etc. 1995
300 00 - PHYSICAL DESCRIPTION
Extent 30v. ;
Dimensions 24 cm.
500 ## - GENERAL NOTE
General note Teks dalam skrip jawi
504 ## - BIBLIOGRAPHY, ETC. NOTE
Bibliography, etc. note Bibliografi: ms.xiii
599 ## - LOCAL NOTE
Local Note DALAM PROSES
650 #0 - SUBJECT ADDED ENTRY--TOPICAL TERM
Topical term or geographic name entry element Qur'an
General subdivision Translating
9 (RLIN) 1813
700 ## - ADDED ENTRY--PERSONAL NAME
Personal name Abdullah Basmeh
9 (RLIN) 1951
942 ## - ADDED ENTRY ELEMENTS (KOHA)
Source of classification or shelving scheme
Koha item type Book
Holdings
Withdrawn status Lost status Source of classification or shelving scheme Damaged status Not for loan Collection code Home library Current library Shelving location Date acquired Total Checkouts Full call number Barcode Date last seen Price effective from Koha item type
          NON-FICTION AKMAL Melaka AKMAL Melaka PINJAMAN 10.07.2017   297.12259923 TAF 201707477 10.07.2017 10.07.2017 Book
Pusat Sumber Maklumat Dato' Haji Sarmin Md Hussin, Akademi Kastam Diraja Malaysia, Melaka
Tel: 06-2331106 | Faks: 06-2313787